00703nam a2200241 a 4500001001300000003000900013005001700022008004100039020000900080082001700089100003200106245003800138260002600176300000900202500003500211505001000246650002500256700003200281902000800313942000700321952011600328999001700444nice12345678IN_TiNIC20260116013545.0050524s1985 dela grp 000 0 eng  ac3000a297.122bNAD aNadvi, Syed Muzaffar-Ud-Din aGeographical History of the Quran aDelhibTaj Co.,c1985 a143p aincludes index and biblioraphy2 aIndex aQuran-Historiography1 aNadvi, Syed Muzaffar-Ud-Din bSRS cBK 001040708StackRoom-aHMIbHMId2009-08-26g30.00l0o297.122 NADp015711r2009-08-26v30.00w2005-05-24yBK c11459d11459